Violín, viola, violoncello y piano : enseñanzas y aprendizajes /
Salvato in:
| Autore principale: | |
|---|---|
| Altri autori: | , |
| Natura: | Elettronico eBook |
| Lingua: | spagnolo |
| Pubblicazione: |
Zacatecas, México : Ciudad de México : Madrid, España :
Universidad Autónoma de Zacatecas ; Plaza y Valdés Editores ; Plaza y Valdés S.L.,
[2020]
|
| Edizione: | Primera edición. |
| Soggetti: | |
| Accesso online: | Digitalia Hispánica |
| Tags: |
Aggiungi Tag
Nessun Tag, puoi essere il primo ad aggiungerne!!
|
MARC
| LEADER | 00000nam a2200000Ii 4500 | ||
|---|---|---|---|
| 001 | DIGPLAVLDS0233 | ||
| 003 | NyNyDIG | ||
| 006 | m o d | ||
| 007 | cr ||||||||||| | ||
| 008 | 220328s2020 mx a ob 000 0 spa d | ||
| 035 | |a (OCoLC)1319855570 | ||
| 040 | |a DGITA |b eng |e rda |e pn |c DGITA | ||
| 020 | |z 9786075550015 |q Universidad Autónoma de Zacatecas | ||
| 020 | |z 9786078624331 |q Plaza y Valdés | ||
| 050 | 1 | 4 | |a ML750 ebook |
| 082 | 0 | 4 | |a 787.2 |
| 245 | 0 | 0 | |a Violín, viola, violoncello y piano : |b enseñanzas y aprendizajes / |c Jorge Barrón Corvera, Gonzalo de Jesús Castillo Ponce (coodinadores) ; Fabrizio Ammetto [and 7 others] |
| 250 | |a Primera edición. | ||
| 264 | 1 | |a Zacatecas, México : |b Universidad Autónoma de Zacatecas ; |a Ciudad de México : |b Plaza y Valdés Editores ; |a Madrid, España : |b Plaza y Valdés S.L., |c [2020] | |
| 300 | |a 1 online resource : |b illustrations. | ||
| 336 | |a text |b txt |2 rdacontent | ||
| 337 | |a computer |b c |2 rdamedia | ||
| 338 | |a online resource |b cr |2 rdacarrier | ||
| 347 | |a text file |2 rdaft | ||
| 347 | |b PDF | ||
| 504 | |a Includes bibliographical references. | ||
| 588 | 0 | |a Online resource; title from PDF title page (Digitalia, viewed March 28, 2022) | |
| 650 | 0 | |a Bowed stringed instruments. | |
| 650 | 0 | |a Bowed stringed instruments |x Study and learning. | |
| 655 | 0 | |a Electronic books. | |
| 700 | 1 | |a Barrón Corvera, Jorge, |e editor. | |
| 700 | 1 | |a Castillo Ponce, Gonzalo de Jesús, |e editor. | |
| 700 | 1 | |a Ammetto, Fabrizio, |d 1965- |e author. | |
| 791 | 2 | |a Digitalia (Firm), |e distributor. | |
| 793 | 0 | |g Digitalia eBook Collection: |a Plaza y Valdés Editores | |
| 776 | 0 | 8 | |i Print version: |t Violín, viola, violoncello y piano. |b Primera edición. |d Zacatecas, México : Universidad Autónoma de Zacatecas ; Ciudad de México : Plaza y Valdés Editores ; Madrid, España : Plaza y Valdés S.L.[2020] |z 9786078624331 |
| 856 | 4 | 0 | |3 Digitalia Hispánica |u https://digitalia.unach.elogim.com/a/110860/ |
| 910 | |a Premium collection: 2022 | ||